| 000 | 00467nam a22001577a 4500 | ||
|---|---|---|---|
| 003 | OSt | ||
| 008 | 260508b |||||||| |||| 00| 0 eng d | ||
| 082 |
_a633.71 _bS48I |
||
| 100 | _aSinha, Sanjay Kumar | ||
| 245 | _aInfluence of Sources and Levels of Potassic Fertilizer on the Growth, Yield and Quality of Tobacco (Nicotiana Tabacum L.) | ||
| 260 |
_aPusa, Samastipur _bRAU _c1987 |
||
| 300 | _a89P. | ||
| 502 |
_bMsc. _d1987 |
||
| 650 | _aAgronomy | ||
| 942 |
_2ddc _cT |
||
| 999 |
_c50499 _d50499 |
||